Двери восприятия. Рай и Ад: [18+]; [НЕЗАКОННОЕ ПОТРЕБЛЕНИЕ НАРКОТИЧЕСКИХ СРЕДСТВ, ПСИХОТРОПНЫХ ВЕЩЕСТВ, ИХ АНАЛОГОВ ПРИЧИНЯЕТ ВРЕД ЗДОРОВЬЮ, ИХ НЕЗАКОННЫЙ ОБОРОТ ЗАПРЕЩЁН И ВЛЕЧЕТ УСТАНОВЛЕННУЮ ЗАКОНОДАТЕЛЬСТВОМ ОТВЕТСТВЕННОСТЬ]; [сборник]; пер. с англ.

Podrobná bibliografie
Hlavní autor: Хаксли О. Олдос
Shrnutí:Самые неоднозначные и популярные произведения знаменитого Олдоса Хаксли.Работы, ставшие своеобразным интеллектуальным манифестом для поклонников психоделической культуры бурных шестидесятых.Ими восхищались Карлос Кастанеда и Тимоти Лири, Кен Кизи и Джим Моррисон.Они повлияли на умы сотен тысяч «сердитых молодых людей», искавших новый смысл бытия.Их смысл и суть — поиски идеальных путей расширения сознания.
Jazyk:ruština
Vydáno: Москва, АСТ, 2010
Témata:
Médium: MixedMaterials Kniha
KOHA link:https://koha.lib.tpu.ru/cgi-bin/koha/opac-detail.pl?biblionumber=324460

MARC

LEADER 00000nam0a2200000 4500
001 324460
005 20260407143450.0
010 |a 9785170559190 
010 |a 978-5-271-29511-9 
010 |a 978-5-17-055918-3 
010 |a 978-5-271-29510-2 
035 |a (RuTPU)RU\TPU\book\350058 
090 |a 324460 
100 |a 20161116d2016 m y0rusy50 ca 
101 1 |a rus  |c eng 
102 |a RU 
105 |a y z 001ay 
200 1 |a Двери восприятия. Рай и Ад  |e [18+]  |e [НЕЗАКОННОЕ ПОТРЕБЛЕНИЕ НАРКОТИЧЕСКИХ СРЕДСТВ, ПСИХОТРОПНЫХ ВЕЩЕСТВ, ИХ АНАЛОГОВ ПРИЧИНЯЕТ ВРЕД ЗДОРОВЬЮ, ИХ НЕЗАКОННЫЙ ОБОРОТ ЗАПРЕЩЁН И ВЛЕЧЕТ УСТАНОВЛЕННУЮ ЗАКОНОДАТЕЛЬСТВОМ ОТВЕТСТВЕННОСТЬ]  |e [сборник]  |e пер. с англ.  |f О. Хаксли 
210 |a Москва  |c АСТ  |c Астрель  |d 2010 
215 |a 218 с. 
330 |a Самые неоднозначные и популярные произведения знаменитого Олдоса Хаксли.Работы, ставшие своеобразным интеллектуальным манифестом для поклонников психоделической культуры бурных шестидесятых.Ими восхищались Карлос Кастанеда и Тимоти Лири, Кен Кизи и Джим Моррисон.Они повлияли на умы сотен тысяч «сердитых молодых людей», искавших новый смысл бытия.Их смысл и суть — поиски идеальных путей расширения сознания. 
606 1 |a Английская литература  |2 stltpush  |3 (RuTPU)RU\TPU\subj\29042  |9 52454 
610 1 |a психологическая проза 
610 1 |a восприятия 
610 1 |a рассуждения 
610 1 |a сборники 
675 |a 82  |v 4 
700 1 |a Хаксли  |b О.  |g Олдос 
801 1 |a RU  |b 63413507  |c 20161116 
801 2 |a RU  |b 63413507  |c 20161125  |g RCR 
830 |a *изданиеподлежащеемаркировке 
942 |c BK